Catálogo de la Biblioteca Horacio González - Universidad Nacional de General Sarmiento

El gatopardo (Registro nro. 54212)

Detalles MARC
000 -CABECERA
campo de control de longitud fija 01271ngm a22003610a 4500
001 - NÚMERO DE CONTROL
campo de control PT15249
003 - IDENTIFICADOR DEL NÚMERO DE CONTROL
campo de control AR-LpoUNG
005 - FECHA Y HORA DE LA ÚLTIMA TRANSACCIÓN
campo de control 20210202000142.0
007 - CAMPO FIJO DE DESCRIPCIÓN FÍSICA--INFORMACIÓN GENERAL
campo de control de longitud fija vd cvaizq
008 - DATOS DE LONGITUD FIJA--INFORMACIÓN GENERAL
campo de control de longitud fija 191001s1963||||ag |||||||||||||||||ita d
037 ## - FUENTE DE ADQUISICIÓN
Condiciones de disponibilidad $8.30
037 ## - FUENTE DE ADQUISICIÓN
Condiciones de disponibilidad $8.30
040 ## - FUENTE DE LA CATALOGACIÓN
Centro catalogador/agencia de origen AR-LpoUNG
Lengua de catalogación spa
Centro/agencia transcriptor AR-LpoUNG
Normas de descripción aacr
041 ## - CÓDIGO DE LENGUA
Código de lengua del texto/banda sonora o título independiente ita
-- spa
044 ## - CÓDIGO DEL PAÍS DE LA ENTIDAD EDITORA/PRODUCTORA
Código MARC del país ag
082 0# - NÚMERO DE LA CLASIFICACIÓN DECIMAL DEWEY
Número de clasificación 945.084 825gat
100 1# - ENTRADA PRINCIPAL--NOMBRE DE PERSONA
Nombre de persona Visconti, Luchino
Término indicativo de función/relación dir.
245 13 - MENCIÓN DE TÍTULO
Título El gatopardo
260 ## - PUBLICACIÓN, DISTRIBUCIÓN, ETC.
Lugar de publicación, distribución, etc. Buenos Aires :
Nombre del editor, distribuidor, etc. Cultural Video,
Fecha de publicación, distribución, etc. 1963.
300 ## - DESCRIPCIÓN FÍSICA
Extensión VHS (177 min.) : son., col.
505 0# - NOTA DE CONTENIDO CON FORMATO
Nota de contenido con formato Fotografía: Giuseppe Rotunno. - Basado en la novela homónima de Giuseppe Tomas de Lampedusa
520 ## - SUMARIO, ETC.
Sumario, etc. La vida de Don Fabrizio, Príncipe de Salina, y de toda su familia, se ve alterada tras la invasión de Sicilia por las tropas de Garibaldi. De modos que todos se refugian en la casa de campo que la familia tiene en Donnafugatta. Hasta el lugar se desplazan, además de la mujer del Prínicipe y sus tres hijos, el joven Tancredi, el sobrino predilecto de Don Fabrizio.
650 #4 - PUNTO DE ACCESO ADICIONAL DE MATERIA--TÉRMINO DE MATERIA
Término de materia o nombre geográfico como elemento de entrada CULTURA
650 #4 - PUNTO DE ACCESO ADICIONAL DE MATERIA--TÉRMINO DE MATERIA
Término de materia o nombre geográfico como elemento de entrada GOBIERNO
650 #4 - PUNTO DE ACCESO ADICIONAL DE MATERIA--TÉRMINO DE MATERIA
Término de materia o nombre geográfico como elemento de entrada HISTORIA
650 #4 - PUNTO DE ACCESO ADICIONAL DE MATERIA--TÉRMINO DE MATERIA
Término de materia o nombre geográfico como elemento de entrada ITALIA
650 #4 - PUNTO DE ACCESO ADICIONAL DE MATERIA--TÉRMINO DE MATERIA
Término de materia o nombre geográfico como elemento de entrada SOBERANIA
650 #4 - PUNTO DE ACCESO ADICIONAL DE MATERIA--TÉRMINO DE MATERIA
Término de materia o nombre geográfico como elemento de entrada SOCIEDAD
653 ## - TÉRMINO DE INDIZACIÓN--NO CONTROLADO
Término no controlado MAES
653 ## - TÉRMINO DE INDIZACIÓN--NO CONTROLADO
Término no controlado VIDEOS
905 ## - ELEMENTOS DE DATOS E LOCAL, LDE (RLIN)
a 15249
942 ## - ELEMENTOS DE PUNTO DE ACCESO ADICIONAL (KOHA)
Tipo de ítem Koha Video
Existencias
Estado de retiro Estado de pérdida Estado dañado No para préstamo Código de colección Localización permanente Ubicación/localización actual Fecha de adquisición Total de préstamos Signatura topográfica completa Código de barras Fecha visto por última vez Precio válido a partir de Tipo de ítem Koha
        Colección Cine Biblioteca Universidad Nacional de General Sarmiento Biblioteca Universidad Nacional de General Sarmiento 02/02/2021   945.084 825gat 00018126 02/02/2021 02/02/2021 Video
        Colección Cine Biblioteca Universidad Nacional de General Sarmiento Biblioteca Universidad Nacional de General Sarmiento 02/02/2021   945.084 825gat 00018244 02/02/2021 02/02/2021 Video